| 000 | aam a22 a 4500 | ||
|---|---|---|---|
| 999 |
_c4421 _d4421 |
||
| 003 | AKMAL | ||
| 005 | 20170530092551.0 | ||
| 008 | 170530s2003 my l 00 eng d | ||
| 020 | _a9678904357 (pbk.): | ||
| 040 | _cAKMAL | ||
| 082 | 0 | 4 | _a345.595052 LIM |
| 090 | 0 | 0 |
_a347.595052 _bLIM |
| 110 | 1 |
_aMalaysia _9400 |
|
| 240 | 1 |
_aAkta Had Masa, 1953. _lEnglish |
|
| 245 | 1 | 0 |
_aLimitation Act, 1953 (Act 254) : _bas at 5th November 2003 / _ccompiled by Legal Research Board |
| 260 |
_aKuala Lumpur : _bInternational Law Book Services, _c2003 |
||
| 300 | 0 | 0 |
_aiii, 24p. ; _c24cm |
| 440 |
_aLaws of Malaysia _91830 |
||
| 650 | 0 |
_aLimitation of actions _xLaw and legislation _zMalaysia _98577 |
|
| 942 |
_2ddc _cBOOK |
||